[Event "DEM U16w 2023"]
[Site "Willingen GER"]
[Date "2023.05.31"]
[Round "6"]
[White "Reich, Elisabeth"]
[Black "Stepanjan, Marianne"]
[Result "1/2-1/2"]
[Termination "normal"]
[Board "7"]
[WhiteElo "1551"]
[BlackElo "1465"]
[WhiteClock "00:37:03"]
[BlackClock "00:05:11"]
[PlyCount "73"]
[WhiteFideId "16239776"]
[BlackFideId "16246110"]
[EventCountry "GER"]
[EventRounds "9"]
[EventType "swiss"]
[EventDate "2023.05.27"]

1. e4 {[%clk 01:30:57]} {[%emt 00:00:01]} c5 {[%clk 01:30:56]} {[%emt
00:00:04]} 2. Nf3 {[%clk 01:31:23]} {[%emt 00:00:04]} d6 {[%clk 01:31:20]}
{[%emt 00:00:06]} 3. d4 {[%clk 01:31:49]} {[%emt 00:00:05]} cxd4 {[%clk
01:31:44]} {[%emt 00:00:06]} 4. Qxd4 {[%clk 01:32:15]} {[%emt 00:00:04]} a6
{[%clk 01:32:07]} {[%emt 00:00:07]} 5. Nc3 {[%clk 01:32:02]} {[%emt 00:00:43]}
Nc6 {[%clk 01:32:28]} {[%emt 00:00:09]} 6. Qd1 {[%clk 01:32:14]} {[%emt
00:00:17]} Nf6 {[%clk 01:32:38]} {[%emt 00:00:21]} 7. Bg5 {[%clk 01:32:13]}
{[%emt 00:00:30]} e6 {[%clk 01:32:45]} {[%emt 00:00:24]} 8. Be2 {[%clk
01:31:37]} {[%emt 00:01:03]} Be7 {[%clk 01:32:46]} {[%emt 00:00:31]} 9. O-O
{[%clk 01:31:57]} {[%emt 00:00:10]} O-O {[%clk 01:32:37]} {[%emt 00:00:40]} 10.
h3 {[%clk 01:28:57]} {[%emt 00:03:30]} b5 {[%clk 01:31:32]} {[%emt 00:01:35]}
11. a3 {[%clk 01:27:35]} {[%emt 00:01:52]} Bb7 {[%clk 01:30:10]} {[%emt
00:01:51]} 12. Re1 {[%clk 01:25:41]} {[%emt 00:02:24]} Qc7 {[%clk 01:25:31]}
{[%emt 00:05:10]} 13. Bd3 {[%clk 01:21:59]} {[%emt 00:04:10]} h6 {[%clk
01:09:02]} {[%emt 00:17:00]} 14. Bf4 {[%clk 01:19:06]} {[%emt 00:03:21]} e5
{[%clk 01:05:55]} {[%emt 00:03:40]} 15. Bd2 {[%clk 01:17:57]} {[%emt 00:01:36]}
Nd8 {[%clk 00:46:30]} {[%emt 00:19:57]} 16. Nh2 {[%clk 01:13:03]} {[%emt
00:05:23]} Ne6 {[%clk 00:42:33]} {[%emt 00:04:29]} 17. Ng4 {[%clk 01:10:17]}
{[%emt 00:03:12]} Nc5 {[%clk 00:39:01]} {[%emt 00:04:06]} 18. Nxf6+ {[%clk
01:09:07]} {[%emt 00:01:41]} Bxf6 {[%clk 00:39:12]} {[%emt 00:00:19]} 19. Be3
{[%clk 01:05:57]} {[%emt 00:03:36]} Qd8 {[%clk 00:32:02]} {[%emt 00:07:42]} 20.
Qe2 {[%clk 01:00:07]} {[%emt 00:06:20]} Bg5 {[%clk 00:30:14]} {[%emt 00:02:19]}
21. Rad1 {[%clk 00:57:56]} {[%emt 00:02:39]} Ne6 {[%clk 00:19:52]} {[%emt
00:10:55]} 22. Qd2 {[%clk 00:51:03]} {[%emt 00:07:21]} Nf4 {[%clk 00:17:58]}
{[%emt 00:02:25]} 23. Ne2 {[%clk 00:50:22]} {[%emt 00:01:11]} Qf6 {[%clk
00:15:33]} {[%emt 00:02:53]} 24. c3 {[%clk 00:46:47]} {[%emt 00:04:07]} Nxd3
{[%clk 00:12:31]} {[%emt 00:03:33]} 25. Qxd3 {[%clk 00:46:36]} {[%emt
00:00:40]} Bxe3 {[%clk 00:12:30]} {[%emt 00:00:32]} 26. Qxe3 {[%clk 00:47:04]}
{[%emt 00:00:02]} Rfd8 {[%clk 00:12:09]} {[%emt 00:00:47]} 27. Ng3 {[%clk
00:46:39]} {[%emt 00:00:58]} Qe6 {[%clk 00:06:54]} {[%emt 00:05:46]} 28. Re2
{[%clk 00:45:37]} {[%emt 00:01:30]} d5 {[%clk 00:06:35]} {[%emt 00:00:51]} 29.
Red2 {[%clk 00:42:12]} {[%emt 00:03:53]} Rd7 {[%clk 00:06:15]} {[%emt
00:00:51]} 30. exd5 {[%clk 00:41:51]} {[%emt 00:00:52]} Rxd5 {[%clk 00:06:25]}
{[%emt 00:00:20]} 31. Rxd5 {[%clk 00:41:31]} {[%emt 00:00:50]} Bxd5 {[%clk
00:06:50]} {[%emt 00:00:05]} 32. Qc5 {[%clk 00:38:38]} {[%emt 00:03:21]} Bc4
{[%clk 00:06:05]} {[%emt 00:01:18]} 33. Qd6 {[%clk 00:38:18]} {[%emt 00:00:47]}
Qxd6 {[%clk 00:05:18]} {[%emt 00:01:19]} 34. Rxd6 {[%clk 00:38:46]} {[%emt
00:00:01]} Kf8 {[%clk 00:05:32]} {[%emt 00:00:16]} 35. f3 {[%clk 00:37:52]}
{[%emt 00:01:24]} Ke7 {[%clk 00:05:44]} {[%emt 00:00:19]} 36. Rd2 {[%clk
00:38:13]} {[%emt 00:00:08]} Rd8 {[%clk 00:05:11]} {[%emt 00:00:55]} 37. Ne4
{[%clk 00:37:03]} {[%emt 00:01:49]} 1/2-1/2

[Event "DEM U16w 2023"]
[Site "Willingen GER"]
[Date "2023.05.31"]
[Round "6"]
[White "Malmström, Eva"]
[Black "Bursan, Ana-Maria"]
[Result "0-1"]
[Termination "normal"]
[Board "8"]
[WhiteElo "1454"]
[BlackElo "1412"]
[WhiteClock "00:39:38"]
[BlackClock "00:15:33"]
[PlyCount "72"]
[WhiteFideId "34607072"]
[BlackFideId "34620150"]
[EventCountry "GER"]
[EventRounds "9"]
[EventType "swiss"]
[EventDate "2023.05.27"]

1. e4 {[%clk 01:30:59]} c5 {[%clk 01:30:50]} {[%emt 00:00:10]} 2. c3 {[%clk
01:31:24]} {[%emt 00:00:04]} Nf6 {[%clk 01:29:10]} {[%emt 00:02:11]} 3. e5
{[%clk 01:31:44]} {[%emt 00:00:11]} Nd5 {[%clk 01:29:12]} {[%emt 00:00:28]} 4.
Nf3 {[%clk 01:31:40]} {[%emt 00:00:33]} Nc6 {[%clk 01:28:50]} {[%emt 00:00:52]}
5. d4 {[%clk 01:31:04]} {[%emt 00:01:06]} cxd4 {[%clk 01:28:09]} {[%emt
00:01:11]} 6. cxd4 {[%clk 01:30:07]} {[%emt 00:01:27]} d6 {[%clk 01:27:20]}
{[%emt 00:01:19]} 7. exd6 {[%clk 01:22:09]} {[%emt 00:08:29]} Qxd6 {[%clk
01:27:22]} {[%emt 00:00:28]} 8. Nc3 {[%clk 01:18:57]} {[%emt 00:03:42]} Bg4
{[%clk 01:21:04]} {[%emt 00:06:48]} 9. Nxd5 {[%clk 01:10:33]} {[%emt 00:08:55]}
Qxd5 {[%clk 01:20:05]} {[%emt 00:01:28]} 10. Be2 {[%clk 01:10:53]} {[%emt
00:00:10]} g6 {[%clk 01:13:26]} {[%emt 00:07:09]} 11. Be3 {[%clk 01:08:28]}
{[%emt 00:02:55]} Bg7 {[%clk 01:11:06]} {[%emt 00:02:51]} 12. Qa4 {[%clk
01:07:45]} {[%emt 00:01:13]} O-O {[%clk 01:09:02]} {[%emt 00:02:33]} 13. O-O
{[%clk 01:03:02]} {[%emt 00:05:13]} a6 {[%clk 01:03:03]} {[%emt 00:06:29]} 14.
h3 {[%clk 01:02:23]} {[%emt 00:01:08]} b5 {[%clk 00:59:44]} {[%emt 00:03:49]}
15. Qa3 {[%clk 00:56:44]} {[%emt 00:06:10]} Bf5 {[%clk 00:56:57]} {[%emt
00:03:17]} 16. Rfd1 {[%clk 00:50:18]} {[%emt 00:06:56]} Bc2 {[%clk 00:55:46]}
{[%emt 00:01:40]} 17. Qc3 {[%clk 00:46:07]} {[%emt 00:04:41]} Bxd1 {[%clk
00:53:30]} {[%emt 00:02:46]} 18. Rxd1 {[%clk 00:46:26]} {[%emt 00:00:11]} Rac8
{[%clk 00:51:53]} {[%emt 00:02:08]} 19. Qa3 {[%clk 00:46:17]} {[%emt 00:00:39]}
a5 {[%clk 00:48:05]} {[%emt 00:04:19]} 20. b3 {[%clk 00:46:32]} {[%emt
00:00:15]} Rfd8 {[%clk 00:46:24]} {[%emt 00:02:11]} 21. Qb2 {[%clk 00:42:49]}
{[%emt 00:04:13]} Nb4 {[%clk 00:41:53]} {[%emt 00:05:00]} 22. Rd2 {[%clk
00:42:33]} {[%emt 00:00:45]} Rc7 {[%clk 00:34:31]} {[%emt 00:07:53]} 23. a3
{[%clk 00:42:27]} {[%emt 00:00:36]} Nc6 {[%clk 00:34:04]} {[%emt 00:00:58]} 24.
a4 {[%clk 00:41:48]} {[%emt 00:01:09]} bxa4 {[%clk 00:32:32]} {[%emt 00:02:02]}
25. bxa4 {[%clk 00:41:56]} {[%emt 00:00:21]} Nb4 {[%clk 00:31:01]} {[%emt
00:02:01]} 26. Bf4 {[%clk 00:41:47]} {[%emt 00:00:38]} Rb7 {[%clk 00:29:29]}
{[%emt 00:02:03]} 27. Qc3 {[%clk 00:41:29]} {[%emt 00:00:48]} Qf5 {[%clk
00:26:32]} {[%emt 00:03:26]} 28. Be3 {[%clk 00:41:17]} {[%emt 00:00:41]} Rc8
{[%clk 00:23:40]} {[%emt 00:03:23]} 29. Qa3 {[%clk 00:40:42]} {[%emt 00:01:05]}
e5 {[%clk 00:22:35]} {[%emt 00:01:36]} 30. dxe5 {[%clk 00:39:46]} {[%emt
00:01:24]} Bxe5 {[%clk 00:21:40]} {[%emt 00:01:27]} 31. Nxe5 {[%clk 00:39:57]}
{[%emt 00:00:19]} Qxe5 {[%clk 00:21:34]} {[%emt 00:00:36]} 32. Bd4 {[%clk
00:40:02]} {[%emt 00:00:25]} Qe4 {[%clk 00:18:49]} {[%emt 00:03:15]} 33. Bf3
{[%clk 00:39:28]} {[%emt 00:01:03]} Qe1+ {[%clk 00:17:28]} {[%emt 00:01:51]}
34. Kh2 {[%clk 00:39:24]} {[%emt 00:00:34]} Qxd2 {[%clk 00:17:14]} {[%emt
00:00:44]} 35. Be3 {[%clk 00:39:27]} {[%emt 00:00:26]} Qd6+ {[%clk 00:16:31]}
{[%emt 00:01:14]} 36. Kg1 {[%clk 00:39:38]} {[%emt 00:00:19]} Rbc7 {[%clk
00:15:33]} {[%emt 00:01:29]} 0-1

[Event "DEM U16w 2023"]
[Site "Willingen GER"]
[Date "2023.05.31"]
[Round "6"]
[White "Bräutigam, Katerina"]
[Black "Ottlik, Marie"]
[Result "1-0"]
[Termination "normal"]
[Board "9"]
[WhiteElo "1956"]
[BlackElo "1552"]
[WhiteClock "00:01:13"]
[BlackClock "00:01:10"]
[PlyCount "71"]
[WhiteFideId "16242980"]
[BlackFideId "16281730"]
[EventCountry "GER"]
[EventRounds "9"]
[EventType "swiss"]
[EventDate "2023.05.27"]

1. e4 {[%clk 01:30:59]} {[%emt 00:55:18]} c5 {[%clk 01:30:56]} {[%emt
00:00:04]} 2. Nf3 {[%clk 01:31:25]} {[%emt 00:00:04]} d6 {[%clk 01:31:12]}
{[%emt 00:00:14]} 3. d4 {[%clk 01:31:52]} {[%emt 00:00:04]} cxd4 {[%clk
01:31:34]} {[%emt 00:00:08]} 4. Qxd4 {[%clk 01:32:18]} {[%emt 00:00:03]} a6
{[%clk 01:26:24]} {[%emt 00:05:42]} 5. Be2 {[%clk 01:32:39]} {[%emt 00:00:08]}
Nc6 {[%clk 01:25:23]} {[%emt 00:01:31]} 6. Qe3 {[%clk 01:33:04]} {[%emt
00:00:04]} Nf6 {[%clk 01:21:48]} {[%emt 00:04:04]} 7. h3 {[%clk 01:33:29]}
{[%emt 00:00:05]} g6 {[%clk 01:16:28]} {[%emt 00:05:50]} 8. O-O {[%clk
01:33:51]} {[%emt 00:00:08]} Qc7 {[%clk 01:13:16]} {[%emt 00:03:41]} 9. c4
{[%clk 01:33:45]} {[%emt 00:00:36]} Bg7 {[%clk 01:10:49]} {[%emt 00:02:59]} 10.
Nc3 {[%clk 01:34:07]} {[%emt 00:00:07]} O-O {[%clk 01:01:14]} {[%emt 00:10:04]}
11. Rd1 {[%clk 01:34:29]} {[%emt 00:00:10]} Rb8 {[%clk 00:56:06]} {[%emt
00:05:38]} 12. Rb1 {[%clk 01:32:49]} {[%emt 00:02:09]} Bd7 {[%clk 00:51:53]}
{[%emt 00:04:44]} 13. b3 {[%clk 01:27:52]} {[%emt 00:05:27]} Nb4 {[%clk
00:46:41]} {[%emt 00:05:40]} 14. Bb2 {[%clk 01:26:42]} {[%emt 00:01:41]} Rfc8
{[%clk 00:41:26]} {[%emt 00:05:46]} 15. Rdc1 {[%clk 00:56:16]} {[%emt
00:30:56]} Qc5 {[%clk 00:29:37]} {[%emt 00:12:19]} 16. Qf4 {[%clk 00:43:20]}
{[%emt 00:13:25]} Nh5 {[%clk 00:23:30]} {[%emt 00:06:38]} 17. Qd2 {[%clk
00:43:07]} {[%emt 00:00:42]} Nf6 {[%clk 00:17:22]} {[%emt 00:06:38]} 18. a3
{[%clk 00:31:02]} {[%emt 00:12:35]} Nc6 {[%clk 00:16:44]} {[%emt 00:01:10]} 19.
b4 {[%clk 00:30:57]} {[%emt 00:00:33]} Qb6 {[%clk 00:14:25]} {[%emt 00:02:47]}
20. Nd5 {[%clk 00:22:14]} {[%emt 00:09:13]} Nxd5 {[%clk 00:11:54]} {[%emt
00:03:02]} 21. Bxg7 {[%clk 00:17:08]} {[%emt 00:05:36]} Kxg7 {[%clk 00:11:39]}
{[%emt 00:00:45]} 22. exd5 {[%clk 00:17:06]} {[%emt 00:00:31]} Nd8 {[%clk
00:09:20]} {[%emt 00:02:49]} 23. c5 {[%clk 00:06:35]} {[%emt 00:11:02]} Qa7
{[%clk 00:07:31]} {[%emt 00:02:20]} 24. Qe3 {[%clk 00:04:51]} {[%emt 00:02:12]}
dxc5 {[%clk 00:03:35]} {[%emt 00:04:27]} 25. bxc5 {[%clk 00:03:23]} {[%emt
00:01:58]} e6 {[%clk 00:03:29]} {[%emt 00:00:35]} 26. Ne5 {[%clk 00:03:00]}
{[%emt 00:00:53]} Be8 {[%clk 00:01:58]} {[%emt 00:02:02]} 27. d6 {[%clk
00:01:58]} {[%emt 00:01:31]} Bc6 {[%clk 00:01:30]} {[%emt 00:00:59]} 28. d7
{[%clk 00:01:06]} {[%emt 00:01:22]} Rc7 {[%clk 00:01:57]} {[%emt 00:00:03]} 29.
Qd4 {[%clk 00:01:18]} {[%emt 00:00:17]} f6 {[%clk 00:00:41]} {[%emt 00:01:48]}
30. Qd6 {[%clk 00:01:37]} {[%emt 00:00:11]} b5 {[%clk 00:00:40]} {[%emt
00:00:30]} 31. cxb6 {[%clk 00:01:51]} {[%emt 00:00:16]} Rxb6 {[%clk 00:01:03]}
{[%emt 00:00:06]} 32. Rxb6 {[%clk 00:01:56]} {[%emt 00:00:25]} Qxb6 {[%clk
00:01:29]} {[%emt 00:00:04]} 33. Qe7+ {[%clk 00:01:45]} {[%emt 00:00:42]} Kh6
{[%clk 00:01:04]} {[%emt 00:00:55]} 34. Ng4+ {[%clk 00:00:57]} {[%emt
00:01:18]} Kh5 {[%clk 00:00:44]} {[%emt 00:00:49]} 35. Nxf6+ {[%clk 00:01:01]}
{[%emt 00:00:27]} Kh6 {[%clk 00:01:10]} {[%emt 00:00:04]} 36. Ng8# {[%clk
00:01:13]} {[%emt 00:00:18]} 1-0

[Event "DEM U16w 2023"]
[Site "Willingen GER"]
[Date "2023.05.31"]
[Round "6"]
[White "Jacobasch, Ronja"]
[Black "Reddi, Bhuvana"]
[Result "1/2-1/2"]
[Termination "normal"]
[Board "10"]
[WhiteElo "1595"]
[BlackElo "1735"]
[WhiteClock "00:21:11"]
[BlackClock "00:13:18"]
[PlyCount "86"]
[WhiteFideId "34604340"]
[BlackFideId "16287002"]
[EventCountry "GER"]
[EventRounds "9"]
[EventType "swiss"]
[EventDate "2023.05.27"]

1. d4 {[%clk 01:30:55]} {[%emt 00:00:06]} Nf6 {[%clk 01:30:13]} {[%emt
00:00:47]} 2. Nf3 {[%clk 01:30:50]} {[%emt 00:00:35]} g6 {[%clk 01:30:13]}
{[%emt 00:00:31]} 3. g3 {[%clk 01:30:49]} {[%emt 00:00:30]} Bg7 {[%clk
01:30:32]} {[%emt 00:00:11]} 4. Bg2 {[%clk 01:30:52]} {[%emt 00:00:27]} O-O
{[%clk 01:30:49]} {[%emt 00:00:15]} 5. O-O {[%clk 01:30:48]} {[%emt 00:00:32]}
d6 {[%clk 01:31:12]} {[%emt 00:00:07]} 6. c4 {[%clk 01:30:53]} {[%emt
00:00:26]} Nbd7 {[%clk 01:31:22]} {[%emt 00:00:20]} 7. Nc3 {[%clk 01:28:46]}
{[%emt 00:02:37]} e5 {[%clk 01:30:18]} {[%emt 00:01:34]} 8. d5 {[%clk
01:24:55]} {[%emt 00:04:21]} a5 {[%clk 01:29:22]} {[%emt 00:01:27]} 9. e4
{[%clk 01:18:57]} {[%emt 00:06:27]} Nc5 {[%clk 01:29:29]} {[%emt 00:00:24]} 10.
Ne1 {[%clk 01:13:40]} {[%emt 00:05:46]} Nfd7 {[%clk 01:22:15]} {[%emt
00:07:44]} 11. Nd3 {[%clk 01:10:24]} {[%emt 00:03:47]} Nxd3 {[%clk 01:21:58]}
{[%emt 00:00:47]} 12. Qxd3 {[%clk 01:10:46]} {[%emt 00:00:07]} Nc5 {[%clk
01:22:17]} {[%emt 00:00:11]} 13. Qe2 {[%clk 01:08:51]} {[%emt 00:02:26]} f5
{[%clk 01:22:10]} {[%emt 00:00:37]} 14. exf5 {[%clk 00:59:28]} {[%emt
00:09:54]} gxf5 {[%clk 01:19:48]} {[%emt 00:02:50]} 15. Bd2 {[%clk 00:50:55]}
{[%emt 00:09:02]} Qf6 {[%clk 01:18:17]} {[%emt 00:02:01]} 16. Qh5 {[%clk
00:43:41]} {[%emt 00:07:44]} Bd7 {[%clk 01:15:28]} {[%emt 00:03:19]} 17. Bg5
{[%clk 00:40:33]} {[%emt 00:03:38]} Qg6 {[%clk 01:15:37]} {[%emt 00:00:20]} 18.
Qxg6 {[%clk 00:40:50]} {[%emt 00:00:15]} hxg6 {[%clk 01:16:03]} {[%emt
00:00:05]} 19. a3 {[%clk 00:33:39]} {[%emt 00:07:41]} a4 {[%clk 01:14:37]}
{[%emt 00:01:55]} 20. Rad1 {[%clk 00:29:49]} {[%emt 00:04:16]} Bf6 {[%clk
01:04:12]} {[%emt 00:10:57]} 21. Bxf6 {[%clk 00:28:51]} {[%emt 00:01:30]} Rxf6
{[%clk 01:03:02]} {[%emt 00:01:38]} 22. f3 {[%clk 00:26:40]} {[%emt 00:02:42]}
Raf8 {[%clk 01:00:18]} {[%emt 00:03:09]} 23. Rf2 {[%clk 00:25:27]} {[%emt
00:01:48]} R6f7 {[%clk 00:52:36]} {[%emt 00:08:11]} 24. Bf1 {[%clk 00:22:59]}
{[%emt 00:02:58]} Re7 {[%clk 00:50:40]} {[%emt 00:02:27]} 25. Bd3 {[%clk
00:19:50]} {[%emt 00:03:41]} Rfe8 {[%clk 00:48:31]} {[%emt 00:02:36]} 26. Bc2
{[%clk 00:18:38]} {[%emt 00:01:43]} Kg7 {[%clk 00:45:31]} {[%emt 00:03:29]} 27.
Re1 {[%clk 00:18:22]} {[%emt 00:00:47]} Kf6 {[%clk 00:34:17]} {[%emt 00:11:45]}
28. Rfe2 {[%clk 00:17:25]} {[%emt 00:01:27]} Rb8 {[%clk 00:33:32]} {[%emt
00:01:14]} 29. Rb1 {[%clk 00:13:37]} {[%emt 00:04:18]} Ree8 {[%clk 00:33:30]}
{[%emt 00:00:31]} 30. b4 {[%clk 00:12:21]} {[%emt 00:01:47]} axb3 {[%clk
00:32:56]} {[%emt 00:01:04]} 31. Bxb3 {[%clk 00:12:26]} {[%emt 00:00:25]} Ra8
{[%clk 00:19:10]} {[%emt 00:14:16]} 32. Ra2 {[%clk 00:12:11]} {[%emt 00:00:44]}
Ra5 {[%clk 00:16:33]} {[%emt 00:03:03]} 33. Bc2 {[%clk 00:11:59]} {[%emt
00:00:46]} Rea8 {[%clk 00:16:39]} {[%emt 00:00:23]} 34. Rba1 {[%clk 00:10:46]}
{[%emt 00:01:43]} Na4 {[%clk 00:03:25]} {[%emt 00:13:43]} 35. Bxa4 {[%clk
00:09:24]} {[%emt 00:01:56]} Bxa4 {[%clk 00:03:17]} {[%emt 00:00:36]} 36. Rb2
{[%clk 00:08:27]} {[%emt 00:01:26]} b6 {[%clk 00:01:07]} {[%emt 00:02:39]} 37.
Rb4 {[%clk 00:07:10]} {[%emt 00:01:49]} Ke7 {[%clk 00:00:53]} {[%emt 00:00:42]}
38. Kf2 {[%clk 00:06:10]} {[%emt 00:01:30]} Kd7 {[%clk 00:01:14]} {[%emt
00:00:11]} 39. Ke3 {[%clk 00:04:21]} {[%emt 00:02:19]} Kc8 {[%clk 00:00:51]}
{[%emt 00:00:52]} 40. Kd3 {[%clk 00:03:22]} {[%emt 00:01:30]} Kb7 {[%clk
00:00:52]} {[%emt 00:00:29]} 41. Kd2 {[%clk 00:01:02]} {[%emt 00:02:50]} c5
{[%clk 00:25:19]} {[%emt 00:05:59]} 42. Rb2 {[%clk 00:21:05]} {[%emt 00:10:31]}
Bd7 {[%clk 00:19:20]} {[%emt 00:06:28]} 43. Rb3 {[%clk 00:21:11]} {[%emt
00:00:26]} Kc7 {[%clk 00:13:18]} {[%emt 00:06:32]} 1/2-1/2

[Event "DEM U16w 2023"]
[Site "Willingen GER"]
[Date "2023.05.31"]
[Round "6"]
[White "Neumann, Helena"]
[Black "Petrosyan, Ani"]
[Result "0-1"]
[Termination "normal"]
[Board "11"]
[WhiteElo "1407"]
[BlackElo "1370"]
[WhiteClock "00:09:52"]
[BlackClock "00:52:12"]
[PlyCount "54"]
[WhiteFideId "16275365"]
[BlackFideId "16248015"]
[EventCountry "GER"]
[EventRounds "9"]
[EventType "swiss"]
[EventDate "2023.05.27"]

1. e4 {[%clk 01:31:00]} {[%emt 00:08:34]} c6 {[%clk 01:30:46]} {[%emt
00:00:15]} 2. d4 {[%clk 01:31:27]} {[%emt 00:00:04]} d5 {[%clk 01:31:09]}
{[%emt 00:00:06]} 3. exd5 {[%clk 01:31:53]} {[%emt 00:00:04]} cxd5 {[%clk
01:31:32]} {[%emt 00:00:07]} 4. c4 {[%clk 01:32:20]} {[%emt 00:00:04]} Nf6
{[%clk 01:30:15]} {[%emt 00:01:46]} 5. Nc3 {[%clk 01:31:26]} {[%emt 00:01:24]}
g6 {[%clk 01:29:46]} {[%emt 00:00:58]} 6. Bg5 {[%clk 01:30:59]} {[%emt
00:00:57]} Bg7 {[%clk 01:29:55]} {[%emt 00:00:21]} 7. Nf3 {[%clk 01:24:49]}
{[%emt 00:06:41]} Nc6 {[%clk 01:24:42]} {[%emt 00:05:42]} 8. Bxf6 {[%clk
01:20:24]} {[%emt 00:04:56]} Bxf6 {[%clk 01:24:49]} {[%emt 00:00:21]} 9. Nxd5
{[%clk 01:18:08]} {[%emt 00:02:47]} Bg7 {[%clk 01:24:41]} {[%emt 00:00:37]} 10.
Be2 {[%clk 01:11:58]} {[%emt 00:06:41]} O-O {[%clk 01:20:11]} {[%emt 00:04:59]}
11. O-O {[%clk 01:06:26]} {[%emt 00:06:03]} Bg4 {[%clk 01:16:37]} {[%emt
00:04:04]} 12. h3 {[%clk 00:54:02]} {[%emt 00:12:54]} Bxf3 {[%clk 01:16:39]}
{[%emt 00:00:26]} 13. Bxf3 {[%clk 00:54:27]} {[%emt 00:00:06]} e6 {[%clk
01:16:49]} {[%emt 00:00:20]} 14. Nc3 {[%clk 00:53:49]} {[%emt 00:01:08]} Nxd4
{[%clk 01:16:50]} {[%emt 00:00:28]} 15. Rb1 {[%clk 00:52:26]} {[%emt 00:01:53]}
Qc7 {[%clk 01:14:27]} {[%emt 00:02:53]} 16. b3 {[%clk 00:37:14]} {[%emt
00:15:44]} Rfd8 {[%clk 01:12:50]} {[%emt 00:02:06]} 17. Re1 {[%clk 00:35:54]}
{[%emt 00:01:51]} Rd7 {[%clk 01:09:52]} {[%emt 00:03:27]} 18. g3 {[%clk
00:31:59]} {[%emt 00:04:25]} Rad8 {[%clk 01:09:28]} {[%emt 00:00:53]} 19. Bg2
{[%clk 00:31:14]} {[%emt 00:01:15]} Nf5 {[%clk 01:07:53]} {[%emt 00:02:05]} 20.
Qc1 {[%clk 00:22:34]} {[%emt 00:09:11]} Rd2 {[%clk 01:03:07]} {[%emt 00:05:17]}
21. Rb2 {[%clk 00:17:46]} {[%emt 00:05:18]} Rxb2 {[%clk 00:58:45]} {[%emt
00:04:51]} 22. Qxb2 {[%clk 00:18:12]} {[%emt 00:00:03]} Rd3 {[%clk 00:58:46]}
{[%emt 00:00:30]} 23. Nb5 {[%clk 00:17:25]} {[%emt 00:01:17]} Qb6 {[%clk
00:58:25]} {[%emt 00:00:49]} 24. Qe2 {[%clk 00:13:27]} {[%emt 00:04:31]} Rxg3
{[%clk 00:54:12]} {[%emt 00:04:42]} 25. Kh2 {[%clk 00:10:56]} {[%emt 00:03:00]}
Rg5 {[%clk 00:53:25]} {[%emt 00:01:16]} 26. f4 {[%clk 00:10:57]} {[%emt
00:00:30]} Rg3 {[%clk 00:53:09]} {[%emt 00:00:45]} 27. Qd2 {[%clk 00:09:52]}
{[%emt 00:01:37]} a6 {[%clk 00:52:12]} 0-1